000 01005cab a2200277 4500
001 ABS54275
008 090401t1995 xxu||||| |||| 00| 0 eng d
035 _a(Sirsi) u9474
041 _aeng
100 _aHolgate, G.
245 _aLegionnaires` disease - its legal impact
260 _c1995
350 _a0
490 _aEnvironmental Policy and Practice
_v5(3) 1995, 115-118(4)
520 _aConsiders the steps taken by the Health and Safety Commission (HSC) and Health and Safety Executive (HSE) over the past five years to strengthen existing legislation and guidance applying either directly, or indirectly, to the control of legionnaires disease.
650 _aCODE OF PRACTICE
650 _aGUIDANCE NOTES
650 _aHEALTH AND SAFETY COMMISSION
650 _aHEALTH AND SAFETY EXECUTIVE
650 _aLEGIONNAIRES' DISEASE
650 _aLEGIONNAIRES' DISEASE
650 _aREGULATIONS
690 _aBUILT ENVIRONMENT-BUILDING STANDARDS
942 _n0
948 _c04/03/1997
999 _c5922
_d5922